000 00922nam a2200229Ii 4500
003 JO-AjNU
008 230605s9999||||xx |||||||||||||| ||und||
017 _a2002/7/1872
020 _a978-9957-06-618-45
040 _aJO-AjNU
_bara
_erda
_cJO-AjNU
041 _aara
050 1 4 _aLB3013.A45.2010
100 3 _aالعمايرة، محمد حسن,
_eauthor
_963185
245 0 0 _aالمشكلات الصفية السلوكية - التعليمية - الأكاديمية - اسبابها - علاجها
250 _aط3
264 3 1 _aعمان: دار المسيرة لنشر والتوزيع، 2010
300 _a220ص
336 _atext
_btxt
_2rdacontent
337 _aunmediated
_bn
_2rdamedia
338 _avolume
_bnc
_2rdacarrier
650 4 _aعلم الاجتماع النفسي التربوي-علم الاجتماع التربوي-التوجيه التربوي-التعليم-سلوك الطلاب
_963186
999 _aA28647
_c32215
_d32215